How adults learn <a> conference held april 6-8, 1998 Georgetown University Conference Center Washington, DC

Guardado en:
Detalles Bibliográficos
Formato: Libro
Lenguaje:inglés
Publicado: Washington DC U.S. Department of Education 1999
Materias:
Etiquetas: Agregar Etiqueta
Sin Etiquetas, Sea el primero en etiquetar este registro!

MARC

LEADER 00000nam a2200000 4500
001 c117911
005 20221108121653.0
020 |a 0-16-050148-2 
041 0 |a eng 
044 |a US 
245 1 0 |a How adults learn  |b <a> conference held april 6-8, 1998 Georgetown University Conference Center Washington, DC 
264 1 |a Washington DC  |b U.S. Department of Education  |c 1999 
300 |a 215 s. 
610 2 0 |a vzdelávanie 
610 2 0 |a vzdelanie 
610 2 0 |a dospelí 
610 2 0 |a doškoľovanie 
610 2 0 |a programy študijné 
610 2 0 |a porovnanie medzinárodné 
610 2 0 |a emigrácia 
610 2 0 |a imigrácia 
610 2 0 |a trh práce 
610 2 0 |a preškoľovanie